|
|
|
|
| LEADER |
00000nab a2200000 a 4500 |
| 001 |
vtls000439502 |
| 003 |
SK-MaSNL |
| 005 |
20260304235906.0 |
| 008 |
120926c1990 xo 0 slo |
| 015 |
|
|
|a SNBRA19rr/mm-uuuuu
|
| 035 |
|
|
|a CL0439630
|
| 040 |
|
|
|a SNKBUCL
|b slo
|c SNKBUCL
|e AACR2
|
| 041 |
0 |
|
|a slo
|
| 044 |
|
|
|a xo
|c SK
|
| 080 |
|
|
|a 621:658.52.011.56:658.512:681.3
|2 1981
|
| 080 |
|
|
|a 658.52.011.56
|2 1981
|
| 080 |
|
|
|a 658.512
|2 1981
|
| 080 |
|
|
|a 681.3
|2 1981
|
| 100 |
1 |
|
|a Vavro, V.
|4 aut
|9 272343
|
| 245 |
1 |
0 |
|a Návrh výrobného programu pre AVS počítačom
|c V. Vavro, K. Kiš
|
| 300 |
|
|
|b Sch. 1.
|
| 650 |
0 |
7 |
|a strojárstvo
|2 snkbucl
|9 674
|
| 650 |
0 |
7 |
|a systémy výrobné automatizované
|2 snkbucl
|9 727816
|
| 650 |
0 |
7 |
|a ZŤS, kombinát
|2 snkbucl
|9 955158
|
| 655 |
|
7 |
|a články zo zborníkov
|2 snkbucl
|9 166140
|
| 700 |
1 |
|
|a Kiš, K.
|4 aut
|9 1509950
|
| 773 |
0 |
|
|t Pružná automatizácia
|d Bratislava : Dom techniky ČSVTS, 1990
|g S. 123-124
|
| 850 |
|
|
|a Slovenská národná knižnica v Martine
|a MTA001
|
| 852 |
|
|
|a SNK
|b KIS3GCP
|
| 958 |
|
|
|a RK
|
| 992 |
|
|
|a RZB
|
| 999 |
|
|
|c 3211113
|d 3213043
|